| 000 | 00494pab a2200169 454500 | ||
|---|---|---|---|
| 008 | 180718b2015 xxu||||| |||| 00| 0 eng d | ||
| 100 | _aHorn, Robert Van | ||
| 245 | _aTwo trajectories of democratic capitalism in the post-war Chicago school: Frank Knight versus Aaron Director | ||
| 260 | _c2015 | ||
| 300 | _ap.1443-1455. | ||
| 362 | _aSep | ||
| 650 | _aCapitalism | ||
| 650 | _aDemocracy | ||
| 700 | _aEmmett, Ross B. | ||
| 773 | _aCambridge Journal of Economics | ||
| 909 | _a109276 | ||
| 999 |
_c109271 _d109271 |
||